Новый учебный год на горном факультете; Уголь Востока; № 9

Dades bibliogràfiques
Parent link:Уголь Востока
№ 9.— 1934.— С. 14-16
Autor principal: Стрельников Д. А. Дмитрий Александрович
Sumari:В фонде НТБ ТПУ отсутствует
Idioma:rus
Publicat: 1934
Matèries:
Format: Capítol de llibre
KOHA link:https://koha.lib.tpu.ru/cgi-bin/koha/opac-detail.pl?biblionumber=593264

MARC

LEADER 00000naa0a2200000 4500
001 593264
005 20250130162521.0
035 |a (RuTPU)RU\TPU\tpu\6363 
090 |a 593264 
100 |a 20011210d1934 k |0rusy50 ba 
101 0 |a rus 
102 |a RU 
200 1 |a Новый учебный год на горном факультете  |f Д. А. Стрельников 
333 |a В фонде НТБ ТПУ отсутствует 
461 |t Уголь Востока 
463 |t № 9  |v С. 14-16  |d 1934 
610 1 |a горное дело 
610 1 |a труды учёных ТПУ 
700 1 |a Стрельников  |b Д. А.  |c российский горный инженер  |c профессор Томского политехнического института  |f 1881-1964  |g Дмитрий Александрович  |3 (RuTPU)RU\TPU\pers\1440 
801 0 |a RU  |b 63413507  |c 20011210  |g PSBO 
801 2 |a RU  |b 63413507  |c 20111209  |g PSBO 
942 |c CR